Qui a également dirigé le même pays ? - Click Quiz - Statistiques

Statistiques générales
  • Ce quiz a été pris 96 fois
  • Le résultat moyen est 13 sur 20
Statistiques - réponses
Hint Réponse % Correct
Hirohito Shinzo Abe
84%
Jean-Jacques Dessalines François Duvalier
80%
Lula Jair Bolsonaro
79%
Liu Shaoqi Xi Jinping
79%
Tony Blair Margaret Thatcher
76%
Francisco Franco Pedro Sanchez
76%
Charles de Gaulle Armand Fallières
75%
Abdel Fattah al-Sissi Gamal Abdel Nasser
75%
Nicolas Maduro Hugo Chavez
68%
Mohammad Reza Pahlavi Rouhollah Khomeini
63%
Mustafa Kemal Recep Tayyip Erdoğan
62%
Ahmed Ben Bella Houari Boumediene
59%
Juan Peron Javier Milei
58%
Narendra Modi Jawaharlal Nehru
57%
Patrice Lumumba Mobutu
57%
Khieu Samphân Pol Pot
49%
Moon Jae-in Syngman Rhee
45%
Martin Van Buren Gerald Ford
43%
Cyril Ramaphosa Nelson Mandela
41%
Juvénal Habyarimana Paul Kagame
30%
Aucun quiz correspondant
Distribution des résultats
% des personnes avec chaque résultat
Percentile par nombre de réponses
Votre historique - résultats
Vous n’avez pas pris ce quiz